000 00838nam0a22002891 4500
001 v19\rc\1971070
005 20251118181116.2
035 _a(NLR Aleph) 005055647
090 _a6941687
_c6941687
100 _a20080623d1914 u y0rusy50 ca
101 1 _arus
_cscr
102 _aRU
105 _aa z |||||
200 1 _aБоснийские народные сказки
_fПер. В.К.
210 _aМосква
_cИ. Кнебель
_d1914
215 _a98 с.
_cил.
_d24
316 _aЭкземпляр РНБ (37.80.2.67): утрачен
_5NLR: 37.80.2.67
702 0 _aВ. К.
_4730
801 0 _aRU
_bNLR
_gpsbo
801 0 _aRU
_bRuMoRGB
_2psbo
801 1 _aRU
_bProSoft-M
_2rusmarc
852 _aNLR
_j37.80.2.67
899 _aRuMoRGB
_jU 35/962
899 _aRuMoRGB
_jV 60/623
899 _aБАН
942 _cBOOK
980 _aNB